| 000 | 00448nam a22001817a 4500 | ||
|---|---|---|---|
| 005 | 20251108170624.0 | ||
| 008 | 250721s1974 xx 000 0 eng d | ||
| 082 | 1 | 4 | _aj/f/sch |
| 100 | 1 | _aschonell, fred J | |
| 245 | 1 | 0 | _astory time / |
| 250 | _a2nd | ||
| 264 | 1 |
_aedinburgh : _boliver and boyd, _c1974. |
|
| 300 | _a47 p : ill | ||
| 490 | 0 | _ahappy venture , play book one | |
| 650 | 1 | 7 | _aenglish fiction |
| 942 |
_2ddc _cBK |
||
| 999 |
_c45011 _d45011 |
||